[Event "HUN-chT2 Breyer 0203"]
[Site "Hungary"]
[Date "2003.02.02"]
[Round "6"]
[White "Veress, Sandor"]
[Black "Horeczky, Tibor"]
[Result "0-1"]
[WhiteElo "2195"]
[BlackElo "2252"]
[PlyCount "60"]
[EventDate "2002.09.22"]
[EventType "team"]
[EventRounds "11"]
[EventCountry "HUN"]
[SourceTitle "EXT 2009"]
[Source "ChessBase"]
[SourceDate "2008.11.26"]
[SourceVersion "1"]
[SourceVersionDate "2008.11.26"]
[SourceQuality "1"]

1. e4 g6 2. d4 Bg7 3. f4 c5 4. d5 d6 5. Nf3 Nf6 6. Bb5+ Bd7 7. Bxd7+ Qxd7 8. Qe2 0-0 9. c4 e6 10. 0-0 exd5 11. exd5 Re8 12. Qd3 Na6 13. Bd2 Ng4 14. Nc3 Nb4 15. Qb1 Ne3 16. Bxe3 Rxe3 17. a3 Bxc3 18. bxc3 Nd3 19. g3 Nxf4 20. Ra2 Ne2+ 21. Kg2 Qg4 22. Qd1 Rae8 23. Rc2 Nxc3 24. h3 Qxc4 25. Qc1 Re2+ 26. Rf2 Rxf2+ 27. Rxf2 Re2 28. Qf1 Qa2 29. Rxe2 Qxe2+ 30. Qxe2 Nxe2 0-1

[Event "HUN-chT3 0102"]
[Site "Hungary"]
[Date "2002.01.13"]
[Round "5.2"]
[White "Molnar, Laszlo"]
[Black "Veress, Sandor"]
[Result "1-0"]
[WhiteElo "2084"]
[BlackElo "2219"]
[PlyCount "39"]
[EventDate "2001.09.30"]
[EventType "team"]
[EventRounds "11"]
[EventCountry "HUN"]
[SourceTitle "EXT 2004"]
[Source "ChessBase"]
[SourceDate "2003.11.25"]
[SourceVersion "1"]
[SourceVersionDate "2003.11.25"]
[SourceQuality "1"]

1. d4 d5 2. Nf3 e6 3. c4 c6 4. Nc3 dxc4 5. e3 b5 6. a4 Bb4 7. Bd2 a5 8. axb5 Bxc3 9. Bxc3 cxb5 10. d5 Nf6 11. Nd4 Qxd5 12. Be2 Bb7 13. Bf3 Qd7 14. Nxe6 fxe6 15. Qxd7+ Nbxd7 16. Bxb7 Rb8 17. Bc6 a4 18. Bxf6 gxf6 19. 0-0-0 Rd8 20. Rxd7 1-0